Basics Of Civil Engineering (Record no. 513)

MARC details
000 -LEADER
fixed length control field 00290nam a22001337a 4500
041 ## - LANGUAGE CODE
Language code of text/sound track or separate title ENG
100 ## - MAIN ENTRY--PERSONAL NAME
Personal name Rao.M.S
245 ## - TITLE STATEMENT
Title Basics Of Civil Engineering
250 ## - EDITION STATEMENT
Edition statement First ED
260 ## - PUBLICATION, DISTRIBUTION, ETC. (IMPRINT)
Place of publication, distribution, etc Delhi
Name of publisher, distributor, etc Dhanpat Rai & Co .( P ) LTD
Date of publication, distribution, etc 1997-98
300 ## - PHYSICAL DESCRIPTION
Extent 138
650 ## - SUBJECT ADDED ENTRY--TOPICAL TERM
Topical term or geographic name as entry element GAE
856 ## - ELECTRONIC LOCATION AND ACCESS
Uniform Resource Identifier GAE
Holdings
Withdrawn status Lost status Source of classification or shelving scheme Damaged status Not for loan Home library Current library Shelving location Date acquired Cost, normal purchase price Total Checkouts Barcode Date last seen Price effective from Koha item type
    Dewey Decimal Classification     College of Agricultural Engineering and Technology, Dapoli , Library College of Agricultural Engineering and Technology, Dapoli , Library Book Cart 30/08/2021 50.00   000991 30/08/2021 30/08/2021 Books

Contact Us: College of Agricultural Engineering and Technology, Dapoli, Dist.- Ratnagiri
Website: https://dbskkv.org Email: caetlibrary2015@gmail.com